| 000 | 00566nam a22002173a 4500 | ||
|---|---|---|---|
| 005 | 20240806064143.0 | ||
| 008 | 011002s2000 mx r 000 0 spa d | ||
| 020 | _a970184355X | ||
| 035 | _aUPN01000112439 | ||
| 049 | _aCG | ||
| 050 | 4 |
_aBF1078 _bA4.78 |
|
| 100 | 1 |
_aAmara, Giuseppe _939210 |
|
| 245 | 1 | 4 |
_aLos sueños / _cGiuseppe Amara. |
| 260 |
_aMéxico : _bCNCA, _c2000. |
||
| 300 |
_a63 p. : _bil. |
||
| 440 | 0 | _aTercer milenio | |
| 650 | 0 |
_aSueños _91571 |
|
| 650 | 4 |
_aPsicoanálisis _91572 |
|
| 650 | 4 |
_aSIMBOLISMO (PSICOLOGIA) _918469 |
|
| 905 | _aLibro | ||
| 999 |
_c86347 _d86347 |
||